Регионална библиотека "Любен Каравелов" - Русе

Лея (Запис номер 324976)

MARC детайли
000 -Лидер
Контролно поле с фиксирана дължина aam a22 a 4500
003 - Код на организацията, давaща контролен номер
Контролно поле BLK
005 - Дата и час на последна редакция
Контролно поле 20201007040504.0
008 - Елементи от данни с фиксирана дължина
fixed length control field 180926b bul||||| |||| 00| 0 bul d
020 ## - Международен стандартен номер на книга ISBN
Международен стандартен номер на книга ISBN 978-954-8455-91-6
040 ## - Източник на каталожния запис
Идентификатор на билиотеката - собственик на записа BLK
041 ## - Код за език
Код за езика на текст/звукозапис или на отделно заглавие Български
Код за езика КДБФ Български
080 ## - УДК
Текстов определител УДК Българска литература
УДК код - определител по УДК 821.163.2
УДК определител -32
УДК - код + определител 821.163.2-32
100 ## - Редна дума - Автор
Автор Маринова, Татяна
Авторска отговорност първи автор
R(LIN) 1299
245 ## - Сведения за заглавието
Заглавие Лея
Редно поле (дума) Татяна Маринова
Подзаглавни данни новела
257 ## - Страна на издаване
Страна на създаване/издаване България
260 ## - Област на издателските данни
Име на издателя, разпространителя и проч. М-прес
Година на издаване 2018
Място на издаване, разпространение и проч. Севлиево
300 ## - Физическа характеристика
Страници 95 с.
Размери/Мащаб 21 см
380 ## - Жанр
Жанр Худож. лит.
852 ## - Местоположение
Форматна сигнатура Цб 290454
Фондова буква Хранилище
999 ## - СИСТЕМНИ КОНТРОЛНИ НОМЕРА
Koha biblionumber 324976
Koha biblioitemnumber 324976
942 ## - АРТИКУЛИ
Вид на библиотечния материал Книги
Източник на класификационната схема Universal Decimal Classification
Скрит в OPAC Не
999 ## - СИСТЕМНИ КОНТРОЛНИ НОМЕРА
Koha biblioitemnumber 324976
Наличности
Код за отписване Код за изгубен артикул Източник на класификационната схема Код за повреда Коз за рестрикции Код за отдаване Артикулен № Име на библиотеката - собственик Име на библиотеката, в която се намира в момента Статус (Текущо местоположение) Дата на вписване в системата Местоположение - отдел Цена в лева Инвентарен номер Систематично азбучна сигнатура Баркод Цена в евро Служебен тип на артикула
  Не е изгубен Universal Decimal Classification Не е повреден без рестрикции ползва се в читалня 680780 Регионална библиотека "Любен Каравелов" Русе Регионална библиотека "Любен Каравелов" Русе Хранилище 2018-09-26 Хранилище 5.00 120000823598 Цб 290454 120000823598 2.56 Книги
Vip Innovations Ltd, Rousse, Bulgaria 2025